The Agrarian System of Bengal / (Record no. 25820)
[ view plain ]
| 000 -LEADER | |
|---|---|
| fixed length control field | 00832nam a2200265 a 4500 |
| 001 - CONTROL NUMBER | |
| control field | 25820 |
| 003 - CONTROL NUMBER IDENTIFIER | |
| rucl marc code | BD-RjUL |
| 005 - DATE AND TIME OF LATEST TRANSACTION | |
| control field | 20211209050931.0 |
| 008 - FIXED-LENGTH DATA ELEMENTS--GENERAL INFORMATION | |
| fixed length control field | 140319s1980 ii b 001 0 eng d |
| 035 ## - SYSTEM CONTROL NUMBER | |
| System control number | (BD-RjUL)25890 |
| 040 ## - CATALOGING SOURCE | |
| Original cataloging agency | LC |
| Language of cataloging | eng |
| Transcribing agency | LC |
| Modifying agency | NNCU:A |
| -- | BD-RjUL |
| 041 ## - LANGUAGE CODE | |
| Language code of text/sound track or separate title | eng |
| 082 04 - DEWEY DECIMAL CLASSIFICATION NUMBER | |
| Classification number | 336.27863 |
| Edition number | 23 |
| Author mark and year | BAA V-1 1980 |
| 100 1# - MAIN ENTRY--PERSONAL NAME | |
| Personal name | Banerjee, Anil Chandra, |
| Dates associated with a name | 1910- |
| 9 (RLIN) | 79332 |
| 245 14 - TITLE STATEMENT | |
| Title | The Agrarian System of Bengal / |
| Statement of responsibility, etc. | Anil Chandra Banerjee. |
| 260 ## - PUBLICATION, DISTRIBUTION, ETC. (IMPRINT) | |
| Place of publication, distribution, etc. | Calcutta : |
| Name of publisher, distributor, etc. | K.P. Bagchi, |
| Date of publication, distribution, etc. | 1980. |
| 300 ## - PHYSICAL DESCRIPTION | |
| Pagination | v. ; |
| Size | 22 cm. |
| 504 ## - BIBLIOGRAPHY, ETC. NOTE | |
| Bibliography, etc | Includes bibliographies and indexes. |
| 505 0# - FORMATTED CONTENTS NOTE | |
| Formatted contents note | Vol. 1 : 1582-1793 -- |
| 650 #0 - SUBJECT ADDED ENTRY--TOPICAL TERM | |
| Topical term or geographic name as entry element | Agriculture |
| General subdivision | Taxation |
| Geographic subdivision | India |
| -- | Bengal |
| General subdivision | History. |
| 9 (RLIN) | 79333 |
| Topical term or geographic name as entry element | Land value taxation |
| Geographic subdivision | India |
| -- | Bengal |
| General subdivision | History. |
| 9 (RLIN) | 79334 |
| 942 ## - ADDED ENTRY ELEMENTS (KOHA) | |
| Source of classification or shelving scheme | Dewey Decimal Classification |
| Koha item type | Books |
| Lost status | Source of classification or shelving scheme | Damaged status | Not for loan | Collection code | Permanent Location | Current Location | Shelving location | Date acquired | Source of acquisition | Cost, normal purchase price | Total Checkouts | Full call number | Date last seen | Copy number | Koha item type |
|---|---|---|---|---|---|---|---|---|---|---|---|---|---|---|---|
| Dewey Decimal Classification | Added to bundle | Non-fiction | Central Library, University of Rajshahi | Central Library, University of Rajshahi | Reading Room | 23/04/1985 | Tulip | 85.00 | 336.27863 BAA V-1 1980 | 19/03/2014 | C-1 | Books | |||
| Dewey Decimal Classification | Non-fiction | Central Library, University of Rajshahi | Central Library, University of Rajshahi | 29/06/1997 | Dhaka, Paragon Enterprises Ltd. | 85.00 | 336.27863 BAA V-1 1980 | 12/11/2019 | C-2 | Books | |||||
| Dewey Decimal Classification | Non-fiction | Central Library, University of Rajshahi | Central Library, University of Rajshahi | 29/06/1997 | Dhaka, Paragon Enterprises Ltd. | 85.00 | 336.27863 BAA V-1 1980 | 12/11/2019 | C-3 | Books |